00759 am a2200157 a 450000500170000000800410001702000150005804100080007311000500008124501710013125000110030226000410031330000110035450002170036565300190058220240527122507.0100906s1988||||mx a f |||| 001 0 spa d a9683203736 aspa1 aOPSgOrganización Panamericana de la Salud. aOftalmología aplicada.bManual de oftalmología básica, para el médico no oftalmólogo y el estudiante de medicina /cOrganización Panamericana de la Salud. a1a ed. aMéxico: bOPS/OMS ; Salvat;c1988. a166 p. aOrganización Panamericana de la Salud. (1988). Oftalmología aplicada. Manual de oftalmología básica, para el médico no oftalmólogo y el estudiante de medicina. (1a ed.). Washington : OPS/OMS ; Salvat. aOftalmología